000 00479nam a22001697a 4500
005 20240902121140.0
008 240831b |||||||| |||| 00| 0 eng d
020 _a978-93-95736-72-5
041 _aeng
082 _a615.19 SIN
100 _aSINKO, PATRIC J.
_96374
245 _aSOUTH ASIAN EDITION OF MARTIN'S PHYSICAL PHARMACY AND PHARMACEUTICAL SCIENCE
260 _aPHILADELPHIA
_bWOLTERS KLUWER
300 _a714;P
650 _aPHARMACY
_xM.PHARMA
_98499
942 _cBK
999 _c8608
_d8606